|
|
|
|
| LEADER |
01926nam a2200457 i 4500 |
| 001 |
EBC4792679 |
| 003 |
MiAaPQ |
| 005 |
20200520144314.0 |
| 006 |
m o d | |
| 007 |
cr cnu|||||||| |
| 008 |
170210t20172017enk ob 001 0 eng d |
| 020 |
|
|
|z 9780822362807
|
| 020 |
|
|
|a 9780822373483 (e-book)
|
| 035 |
|
|
|a (MiAaPQ)EBC4792679
|
| 035 |
|
|
|a (Au-PeEL)EBL4792679
|
| 035 |
|
|
|a (CaPaEBR)ebr11333891
|
| 035 |
|
|
|a (CaONFJC)MIL990539
|
| 035 |
|
|
|a (OCoLC)945583033
|
| 040 |
|
|
|a MiAaPQ
|b eng
|e rda
|e pn
|c MiAaPQ
|d MiAaPQ
|
| 050 |
|
4 |
|a JF801
|b .C585 2017
|
| 082 |
0 |
|
|a 323.6
|2 23
|
| 245 |
0 |
0 |
|a Citizenship in question :
|b evidentiary birthright and statelessness /
|c Benjamin N. Lawrance and Jacqueline Stevens, editors.
|
| 264 |
|
1 |
|a Durham, [England] ;
|a London, [England] :
|b Duke University Press,
|c 2017.
|
| 264 |
|
4 |
|c 2017
|
| 300 |
|
|
|a 1 online resource (305 pages)
|
| 336 |
|
|
|a text
|2 rdacontent
|
| 337 |
|
|
|a computer
|2 rdamedia
|
| 338 |
|
|
|a online resource
|2 rdacarrier
|
| 504 |
|
|
|a Includes bibliographical references and index.
|
| 588 |
|
|
|a Description based on print version record.
|
| 590 |
|
|
|a Electronic reproduction. Ann Arbor, MI : ProQuest, 2016. Available via World Wide Web. Access may be limited to ProQuest affiliated libraries.
|
| 650 |
|
0 |
|a Citizenship.
|
| 650 |
|
0 |
|a Statelessness.
|
| 650 |
|
0 |
|a Asylum, Right of.
|
| 650 |
|
0 |
|a Belonging (Social psychology)
|x Political aspects.
|
| 655 |
|
4 |
|a Electronic books.
|
| 700 |
1 |
|
|a Lawrance, Benjamin N.
|q (Benjamin Nicholas),
|e editor.
|
| 700 |
1 |
|
|a Stevens, Jacqueline,
|d 1962-
|e editor.
|
| 776 |
0 |
8 |
|i Print version:
|t Citizenship in question : evidentiary birthright and statelessness.
|d Durham, [England] ; London, [England] : Duke University Press, c2017
|h xvi, 287 pages
|z 9780822362807
|w 2016026992
|
| 797 |
2 |
|
|a ProQuest (Firm)
|
| 856 |
4 |
0 |
|u https://ebookcentral.proquest.com/lib/matrademy/detail.action?docID=4792679
|z Click to View
|